Europäische Länder mit Küste - Statistiken

Allgemein
  • Dieses Quiz wurde 190 mal gespielt
  • Das Durchschnittsergebnis liegt bei 25 aus 29
Antwortstatistiken
Nachbar Länder: Antwort % Korrekt
3 Spanien
96%
8 Frankreich
95%
6 Italien
95%
3 Norwegen
95%
1 Portugal
95%
2 Schweden
95%
9 Deutschland
94%
4 Kroatien
94%
14 Russland
94%
0 Island
92%
1 Irland
91%
2 Niederlande
91%
4 Albanien
90%
2 Estland
90%
4 Griechenland
90%
3 Lettland
90%
3 Litauen
90%
7 Polen
89%
1 Dänemark
87%
4 Slowenien
87%
4 Belgien
86%
7 Ukraine
81%
5 Bulgarien
79%
5 Montenegro
79%
1 Groß Britannien
78%
5 Rumänien
78%
0 Zypern
72%
7 Türkei
68%
3 Finland
38%
Keine übereinstimmenden Quizze gefunden
Verteilung der Resultate
Anzahl Personen mit jedem Resultat
Perzentil nach korrekt beantworteten Fragen
Ihre Resultats-Entwicklung
Sie haben dieses Quiz noch nicht gespielt